| 000 | 01551nam a2200373 i 4500 | ||
|---|---|---|---|
| 001 | 68219 | ||
| 999 |
_c68219 _d68219 |
||
| 003 | Mx-PuUPA | ||
| 005 | 20240410104252.0 | ||
| 008 | 190621s2006 ag ||||r|||| 001 0 spa d | ||
| 020 | _a9872262810 | ||
| 040 |
_aMx-PuUPA _bspa _cMx-PuUPA _dMx-PuUPA _erda |
||
| 041 | 1 |
_aspa _heng |
|
| 100 | 1 |
_aFriedman, Maurice S., _d1921-2012 _eautor _97222 |
|
| 240 | 1 | 0 |
_aLevinas & Duber: dialogue & difference. _lEspañol |
| 245 | 1 |
_aLevinas Y Buber : _bdiálogo y diferencias / _cMaurice Friedman, Matthew Calarco y Peter Atterton, editores ; traducción de Carolina Kohan y Pablo Dreizik |
|
| 250 | _aPrimera edición | ||
| 264 | 4 |
_aArgentina : _bEdiciones Lilmod, _c2006 |
|
| 300 |
_a313 páginas ; _c23 cm |
||
| 336 |
_atexto _2rdacontent _btxt |
||
| 337 |
_asin medio _2rdamedia _bn |
||
| 338 |
_avolumen _2rdacarrier _bnc |
||
| 490 | 0 |
_aColección Estudios y reflexiones ; _v9 |
|
| 600 | 0 | 4 |
_aLevines, Emmanuel, _d1906 - 1995 _xCrítica e interpretación |
| 700 | 1 |
_aFriedman, Maurice, _eeditor |
|
| 700 | 1 |
_aCalarco, Matthew, _eeditor |
|
| 700 | 1 |
_aAtterton, Peter, _deditor |
|
| 700 | 1 |
_aKohan, Carolina, _etraductor |
|
| 700 | 1 |
_aDreizik, Pablo, _etraductor |
|
| 765 | 1 | 8 |
_aFriedman, Maurice S., _d[Lugar de publicación no identificada] : Duquesne Universitary Press y The Martin Buber Estate, _tLevinas & Duber: dialogue & difference. |
| 942 |
_2ddc _cLI _h181.06 _iF897 |
||